000
00206 a2200097 4500
001
26053
100
_a
Napolitano
245
_a
Computational gas dynamics
260
_a
_b
Springer
_c
090
_c
17616
_d
17616
942
_a
NUST-CAE
_c
M
_c
8465
999
_c
261126
_d
261126